00530nam a22001457a 4500008004100000020001800041040005500059080002400114245015000138260004500288300001000333650001200343942001200355999001700367230609b |||||||| |||| 00| 0 eng d a81-204-0394-0 aNational Science LibrarycNational Science Library aI 627.4(082.2) bM9 aProceedings of third international workshop on alluvial river problems (TIWARP) c/ University of Roorkee, Roorkee (U.P.), India, March 2-4, 1989 aRoorkee: bUniversity of Roorkee, c1989 a329p. aScience 2udccPR c41686d41686